|
|
|
|
| LEADER |
01311nam a2200313 a 4500 |
| 001 |
3562047 |
| 003 |
BD-DhAAL |
| 008 |
090720s1999 caua b 001 0 eng d |
| 010 |
|
|
|a 98038846
|
| 020 |
|
|
|a 0767400453 (pbk.)
|
| 040 |
|
|
|a DLC
|c DLC
|d DLC
|d BD-DhAAL
|
| 082 |
0 |
0 |
|a 306.7
|2 21
|
| 100 |
1 |
|
|a Strong, Bryan.
|9 57692
|
| 245 |
1 |
0 |
|a Human sexuality :
|b diversity in contemporary America /
|c Bryan Strong, Christine Devault, Barbara Werner Sayad.
|
| 250 |
|
|
|a Third edition.
|
| 260 |
|
|
|a Mountain View, Calif. :
|b Mayfield Pub.,
|c c1999.
|
| 300 |
|
|
|a xxiii, 577, 100 pages :
|b ill. (some col.) ;
|c 26 cm.
|
| 504 |
|
|
|a Includes bibliographical references (p. B1-B45) and index.
|
| 526 |
|
|
|x Salim khan
Sr. program Associate
James P. Grant School.
Course name and no. N/A
|
| 541 |
1 |
|
|a Book view
|e 00018402
|
| 650 |
|
0 |
|a Sex.
|
| 650 |
|
0 |
|a Sex customs.
|
| 650 |
|
0 |
|a Hygiene, Sexual.
|9 57693
|
| 700 |
1 |
|
|a DeVault, Christine.
|9 57694
|
| 700 |
1 |
|
|a Sayad, Barbara Werner.
|9 14050
|
| 852 |
4 |
|
|a School of Public Health.
|
| 942 |
|
|
|2 ddc
|c BK
|
| 999 |
|
|
|c 2542
|d 2542
|
| 952 |
|
|
|0 0
|1 0
|2 ddc
|4 0
|6 306_700000000000000_STR
|7 0
|9 2315
|a JPGSPH
|b JPGSPH
|d 2009-04-28
|e Book View
|g 2364.00
|l 0
|o 306.7 STR
|p 3060018402
|r 2009-07-21
|t 1
|y BK
|x Requisitioned by Salim khan, Sr. program Associate, James P. Grant School. Course name and no. N/A
|